000 01373nam a2200409 a 4500
001 20446
003 VRT
005 20260122141642.0
008 960531q1995 xo p 000 d slo c
020 _a8088834058 (brož.)
035 _aUKB000184582
040 _aBAA001
_bslo
_cBAA001
_eAACR2
041 1 _aslo
044 _axo
_cSK
080 _a875-93-21
100 0 _aAischylos,
_d525-456 pred Kr
243 1 0 _aStaroveká grécka dráma
245 0 0 _aOrestea ; Prikovaný Prometeus
_cAischylos ; [prel. Vojtech Mihálik, Miloslav Okál]
260 _aRohovce
_bInterpopulart Slovakia
_c[1995]
300 _a112 s
490 1 _aPopulart. Študentská knižnica
_v6
500 _aStaroveká grécka dráma
504 _aBibliogr. s. 111
650 0 7 _aliteratúra grécka klasická
650 0 7 _atragédie
653 _a875-93-21
700 1 _aMihálik, Vojtech,
_d1926-2001
_4trl
700 1 _aOkál, Miloslav
_4trl
760 1 _tPopulart. Študentská knižnica
777 1 _tPrikovaný Prometeus
_aAeschylus, 525-456 pred Kr.
830 0 _aPopulart. Študentská knižnica
_v6
910 _aukb
942 _2ddc
_cKLDO
_n0
949 _61800004757
_a30.D.64393
_bPV.1839-96
_q25.2.2019- popísaná ceruzou
_r25.2.2019- popísaná ceruzou
949 _61800004756
_aSL.D.23202
_bPV.1840-96
949 _61800006903
_a30.D.64393
_bKD.165-96
_s4705:20260121
999 _c20446
_d20446